000 00760nam a2200205Ii 4500
003 JO-AjNU
008 230605s9999||||xx |||||||||||||| ||und||
040 _aJO-AjNU
_bara
_erda
_cJO-AjNU
041 _aara
050 1 4 _aBP163.B7 1979
100 3 _aبراملت،إميلي ، تقديم محمد سعيد رمضان البوطي,
_eauthor
_939853
245 0 0 _aآمنت بربكم فاسمعون: قصة إسلام الأخت أم محمد
250 _aط2
264 3 1 _aدمشق: دار الفكر، 1979
300 _a111ص
336 _atext
_btxt
_2rdacontent
337 _aunmediated
_bn
_2rdamedia
338 _avolume
_bnc
_2rdacarrier
650 4 _aالدعوة الاسلامية- الوعظ والارشاد- انتشار الاسلام
_939854
999 _aA16866
_c20434
_d20434